|
|
|
|
| LEADER |
01147nam a2200337 a 4500 |
| 001 |
EBC587950 |
| 003 |
MiAaPQ |
| 005 |
20200520144314.0 |
| 006 |
m o d | |
| 007 |
cr cn||||||||| |
| 008 |
101001s2009 ii a ss 000 0 eng d |
| 020 |
|
|
|z 9789350245750
|
| 035 |
|
|
|a (MiAaPQ)EBC587950
|
| 035 |
|
|
|a (Au-PeEL)EBL587950
|
| 035 |
|
|
|a (CaPaEBR)ebr10416124
|
| 035 |
|
|
|a (OCoLC)700691135
|
| 040 |
|
|
|a MiAaPQ
|c MiAaPQ
|d MiAaPQ
|
| 050 |
|
4 |
|a HB615
|b .G67 2009
|
| 100 |
1 |
|
|a Gordon, E.
|
| 245 |
1 |
0 |
|a Entrepreneurship development
|h [electronic resource] /
|c E. Gordon, K. Natarajan, Amishi Arora.
|
| 246 |
1 |
4 |
|a ED
|
| 250 |
|
|
|a 1st ed.
|
| 260 |
|
|
|a Mumbai [India] :
|b Himalaya Pub. House,
|c 2009.
|
| 300 |
|
|
|a 133 p. :
|b ill.
|
| 533 |
|
|
|a Electronic reproduction. Ann Arbor, MI : ProQuest, 2015. Available via World Wide Web. Access may be limited to ProQuest affiliated libraries.
|
| 650 |
|
0 |
|a Entrepreneurship.
|
| 655 |
|
4 |
|a Electronic books.
|
| 700 |
1 |
|
|a Natarajan, K.
|
| 700 |
1 |
|
|a Arora, Amishi.
|
| 710 |
2 |
|
|a ProQuest (Firm)
|
| 856 |
4 |
0 |
|u https://ebookcentral.proquest.com/lib/matrademy/detail.action?docID=587950
|z Click to View
|